Развитие и систематическое сравнение способов характеристики свойств аналитических сигналов в виде пиков на примере инверсионной вольтамперометрии: автореферат диссертации на соискание ученой степени кандидата химических наук; спец. 02.00.02

Bibliographic Details
Main Author: Романенко Э. С. Элеонора Сергеевна
Corporate Author: Томский политехнический университет
Other Authors: Стромберг А. Г. Армин Генрихович (научный руководитель)
Summary:Заглавие с титульного экрана
Электронная версия печатной публикации
Language:Russian
Published: Томск, [Б. и.], 2003
Subjects:
Online Access:http://www.lib.tpu.ru/fulltext/a/2004/1.pdf
Format: Electronic Book
KOHA link:https://koha.lib.tpu.ru/cgi-bin/koha/opac-detail.pl?biblionumber=60338

MARC

LEADER 00000nlm0a2200000 4500
001 60338
005 20250109063127.0
035 |a (RuTPU)RU\TPU\book\63805 
090 |a 60338 
100 |a 20040206d2003 k y0rusy50 ca 
101 0 |a rus 
102 |a RU 
105 |a a dm 001zy 
135 |a drbn ---uucaa 
181 0 |a i  
182 0 |a b 
200 1 |a Развитие и систематическое сравнение способов характеристики свойств аналитических сигналов в виде пиков на примере инверсионной вольтамперометрии  |e автореферат диссертации на соискание ученой степени кандидата химических наук  |e спец. 02.00.02  |f Э. С. Романенко  |g Томский политехнический университет ; науч. рук. А. Г. Стромберг 
203 |a Текст  |c электронный 
210 |a Томск  |c [Б. и.]  |d 2003 
215 |a 1 файл (Kb) 
300 |a Заглавие с титульного экрана 
300 |a Электронная версия печатной публикации 
337 |a Adobe Reader 
452 1 |0 (RuTPU)RU\TPU\book\63083  |t Развитие и систематическое сравнение способов характеристики свойств аналитических сигналов в виде пиков на примере инверсионной вольтамперометрии  |o автореферат диссертации на соискание ученой степени кандидата химических наук  |o спец. 02.00.02  |f Э. С. Романенко  |g Томский политехнический университет; науч. рук. А. Г. Стромберг  |c Томск  |n Б.и.  |d 2003  |p 19 с.  |a Романенко, Элеонора Сергеевна 
606 1 |a Аналитические сигналы  |x Математические методы  |2 stltpush  |3 (RuTPU)RU\TPU\subj\64839  |9 81565 
606 1 |a Вольтамперометрия инверсионная  |2 stltpush  |3 (RuTPU)RU\TPU\subj\72717  |9 86121 
610 1 |a аналитическая химия 
610 1 |a аналитические пики 
610 1 |a математическое моделирование 
610 1 |a свойства 
610 1 |a каркасный способ 
610 1 |a инкременты 
610 1 |a различные способы 
610 1 |a систематическое сравнение 
610 1 |a характеристика 
610 1 |a авторефераты диссертаций 
610 1 |a электронный ресурс 
610 1 |a труды учёных ТПУ 
675 |a 543:51(04)  |v 3 
675 |a 543.552(04)  |v 3 
686 |a 02.00.02  |2 oksvnk 
700 1 |a Романенко  |b Э. С.  |c химик  |c научный сотрудник Томского политехнического университета, кандидат химических наук  |f 1975-  |g Элеонора Сергеевна  |3 (RuTPU)RU\TPU\pers\34928  |9 18246 
702 1 |a Стромберг  |b А. Г.  |c химик, специалист в области классической полярографии и инверсионной вольтамперометрии  |c профессор Томского политехнического института  |f 1910-2004  |g Армин Генрихович  |3 (RuTPU)RU\TPU\pers\11188  |4 727  |9 2478 
712 0 2 |a Томский политехнический университет  |c (1991-2009)  |7 ca  |8 rus  |3 (RuTPU)RU\TPU\col\376  |9 23382 
801 1 |a RU  |b 63413507  |c 20040206  |g PSBO 
801 2 |a RU  |b 63413507  |c 20151112  |g PSBO 
856 4 |u http://www.lib.tpu.ru/fulltext/a/2004/1.pdf 
942 |c CF